Statistics for General Knowledge Word Chain #1

Click here to take the quiz!

General Stats

  • This quiz has been taken 41 times
  • The average score is 8 of 16

Answer Stats

HintAnswer% Correct
Indian exercise with posesYoga
94%
Precipitationrain
92%
The Amazon is oneriver
92%
A noble gas (element)neon
72%
Inuit shelterIgloo
69%
The animal in 'Ursa Major'bear
67%
A bird housenest
64%
-- --- .-. ... .morse
50%
Mythical sea creatureKraken
47%
In event of flood use thisark
33%
The study of the origin of wordsetymology
33%
Healing through energy (Japanese)Reiki
33%
comes in cubes (food)sugar
28%
French astrologerNostradamus
25%
Four sided shapetrapezium
25%
Tasty rice Triangle (Japanese)Onigiri
14%

Score Distribution

Percentile by Number Answered

Percent of People with Each Score

Your Score History

You have not taken this quiz